TEXTBOOK OF HUMAN ANATOMY (Record no. 15728)

MARC details
000 -LEADER
fixed length control field 00210nam a22001097a 4500
003 - CONTROL NUMBER IDENTIFIER
control field SGT
100 ## - MAIN ENTRY--PERSONAL NAME
Personal name TONDON,B.K
245 ## - TITLE STATEMENT
Title TEXTBOOK OF HUMAN ANATOMY
250 ## - EDITION STATEMENT
Edition statement 2ND
260 ## - PUBLICATION, DISTRIBUTION, ETC. (IMPRINT)
Name of publisher, distributor, etc APH, PUB
942 ## - ADDED ENTRY ELEMENTS (KOHA)
Source of classification or shelving scheme Dewey Decimal Classification
Koha item type CDs & DVDs
Holdings
Withdrawn status Lost status Source of classification or shelving scheme Damaged status Not for loan Collection code Home library Current library Shelving location Date acquired Vendor Name Volume Information (Serial or Books or Non-Book Material) SGTU Total Checkouts Accession No. (Barcode) Date last seen Bill Date Koha item type
    Dewey Decimal Classification     AYURVEDA SGT FA-FP Library SGT FA-FP Library On Display 31/07/2018 AHUJA PUB 2 SGTU   FA-CD1 31/07/2018 31/07/2018 CDs & DVDs
    Dewey Decimal Classification     AYURVEDA SGT FA-FP Library SGT FA-FP Library On Display 31/07/2018 AHUJA PUB 1 SGTU   FA-CD2 31/07/2018 31/07/2018 CDs & DVDs
    Dewey Decimal Classification     AYURVEDA SGT FA-FP Library SGT FA-FP Library On Display 31/07/2018 AHUJA PUB 3 SGTU   FA-CD3 31/07/2018 31/07/2018 CDs & DVDs
    Dewey Decimal Classification     AYURVEDA SGT FA-FP Library SGT FA-FP Library On Display 31/07/2018 AHUJA PUB 3 SGTU   FA-CD4 31/07/2018 31/07/2018 CDs & DVDs
    Dewey Decimal Classification     AYURVEDA SGT FA-FP Library SGT FA-FP Library On Display 31/07/2018 AHUJA PUB 2 SGTU   FA-CD5 31/07/2018 31/07/2018 CDs & DVDs
    Dewey Decimal Classification     AYURVEDA SGT FA-FP Library SGT FA-FP Library On Display 31/07/2018 AHUJA PUB 1 SGTU   FA-CD6 31/07/2018 31/07/2018 CDs & DVDs